| 000 | 00609cam a2200193Ia 4500 | ||
|---|---|---|---|
| 020 | _a4130370219 | ||
| 020 | _a0860085015 | ||
| 040 | _cCOH | ||
| 041 | 1 | _hjap | |
| 082 | _a320 UNI 1994 A014 Or. | ||
| 100 | 1 | _aAbe, Hitoshi | |
| 245 | 1 | 4 | _aThe government and politics of Japan / |
| 260 |
_a[Tokyo] : _bUniversity of Tokyo Press, _cc1994 |
||
| 300 |
_axiv, 244 p. : _bill. ; _c23 cm |
||
| 500 | _a"This volume is a translation of Gaisetsu Gendai Nihon no Seiji, published by University of Tokyo Press in 1990"--T.p. verso | ||
| 700 | 1 | _aShind¿, Muneyuki, | |
| 700 | 1 | _aKawato, Sadafumi, | |
| 942 | _cEK | ||
| 999 |
_c13081 _d13081 |
||